000 00428nam a2200181Ia 4500
008 151018s9999 xx 000 0 und d
082 _bRBASDV1862
_a823
100 _aH. Martineau
245 _aFeats on the Fiord
250 _b1
260 _bg.bell & sons
300 _a158
600 _aH. Martineau
630 _aFeats on the Fiord
700 _aH. Martineau
730 _aFeats on the Fiord
942 _cBOOK
999 _c1004287
_d1004284